| 000 | 00737nam a2200205 a 4500 | ||
|---|---|---|---|
| 001 | 000046288 | ||
| 005 | 20201002052750.0 | ||
| 008 | 150715s1986 dr ac 000 0 spa d | ||
| 040 |
_aDO-SdBNP _bspa _cBNPHU |
||
| 082 |
_axxxx _bxxxx |
||
| 100 | 1 |
_aClase, Pablo, _d1953- _938727 |
|
| 245 | 1 | 0 |
_aPorfirio Rubirosa : _bel primer play boy del mundo / _cPablo Clase ; prólogo Pedro René Contín Aybar. |
| 250 | _a4a ed. | ||
| 260 |
_aSanto Domingo : _bTaller, _c1986. |
||
| 300 |
_a178 p. : _bil., retrs. ; _c21 cm. |
||
| 490 | 1 |
_aBiblioteca Taller _v215 |
|
| 500 | _aIncluye datos biográficos del autor en la solapa de la contracubierta | ||
| 700 | 1 | 2 |
_aContín Aybar, Pedro René, _epról. _923772 |
| 830 | 0 |
_aBiblioteca Taller. _n215 _974303 |
|
| 999 |
_c45777 _d45777 |
||